[Event "Kaspersky op U16"]
[Site "Tornelo INT"]
[Date "2021.04.02"]
[Round "8"]
[White "Dau, Khuong Duy"]
[Black "Bialiauski, Artsiom"]
[Result "1/2-1/2"]
[WhiteElo "1706"]
[BlackElo "2077"]
[PlyCount "131"]
[EventDate "2021.04.02"]
[EventType "swiss (blitz)"]
[EventRounds "11"]
[EventCountry "RUS"]
[SourceTitle "CBM 201 Extra"]
[Source "ChessBase"]
[SourceDate "2021.05.31"]
[SourceVersion "1"]
[SourceVersionDate "2021.05.31"]
[SourceQuality "1"]

1. e4 e5 2. Nf3 d6 3. d4 exd4 4. Nxd4 Nf6 5. Nc3 Be7 6. Be2 0-0 7. 0-0 a6 8. a4 Nc6 9. h3 d5 10. Nxc6 bxc6 11. e5 Nd7 12. f4 Nc5 13. Kh2 d4 14. Nb1 f5 15. Bf3 Bb7 16. Nd2 Ne6 17. Nc4 a5 18. Bd2 Ba6 19. Be2 Bb4 20. Bxb4 axb4 21. Nd2 Qd5 22. Bxa6 Rxa6 23. Qe2 Raa8 24. Qc4 Rfd8 25. Qxd5 cxd5 26. g4 Rf8 27. Kg3 c5 28. b3 Rf7 29. Rae1 Raf8 30. g5 Rc7 31. Rd1 c4 32. Rf3 d3 33. cxd3 c3 34. Nf1 Nd4 35. Rf2 Nxb3 36. Ne3 Ra8 37. e6 d4 38. Nc4 Rxa4 39. Re2 Kf8 40. Rde1 Ke7 41. Re5 Nd2 42. Nb6 Rc6 43. Nxa4 c2 44. Rc5 Rxc5 45. Nxc5 b3 46. Na4 Nc4 47. Kf2 Ne3 48. Ke2 Kxe6 49. Kd2 Kd5 50. Nb6+ Kc5 51. Na4+ Kb4 52. Ra1 Nd5 53. Nb2 Nc3 54. Ra8 Na2 55. Rb8+ Ka3 56. Nc4+ Ka4 57. Ra8+ Kb4 58. Rb8+ Kc5 59. Rc8+ Kb4 60. Nb2 Nc3 61. Ra8 Na2 62. Rb8+ Ka5 63. Rc8 Kb6 64. Rc4 Kb5 65. Rc8 Kb4 66. Rb8+ 1/2-1/2

[Event "Kaspersky op U16"]
[Site "Tornelo INT"]
[Date "2021.04.02"]
[Round "6"]
[White "Srihari, LR."]
[Black "Bialiauski, Artsiom"]
[Result "1-0"]
[WhiteElo "2414"]
[BlackElo "2077"]
[PlyCount "59"]
[EventDate "2021.04.02"]
[EventType "swiss (blitz)"]
[EventRounds "11"]
[EventCountry "RUS"]
[SourceTitle "CBM 201 Extra"]
[Source "ChessBase"]
[SourceDate "2021.05.31"]
[SourceVersion "1"]
[SourceVersionDate "2021.05.31"]
[SourceQuality "1"]

1. d4 Nf6 2. Bg5 Ne4 3. Bf4 d5 4. f3 Nf6 5. e4 c5 6. dxc5 dxe4 7. Qxd8+ Kxd8 8. Nc3 Nbd7 9. 0-0-0 e6 10. Be3 a6 11. Nxe4 Nxe4 12. fxe4 Ke8 13. b4 a5 14. a3 axb4 15. axb4 b6 16. Bb5 bxc5 17. bxc5 Ra1+ 18. Kd2 Ra5 19. c4 Ra2+ 20. Ke1 f6 21. Nf3 Be7 22. c6 Ne5 23. Nxe5 fxe5 24. c7+ Kf7 25. Rf1+ Kg6 26. Rf2 Rxf2 27. Kxf2 Rf8+ 28. Ke2 Rf7 29. Be8 Kf6 30. Rf1+ 1-0

[Event "Kaspersky op U16"]
[Site "Tornelo INT"]
[Date "2021.04.02"]
[Round "4"]
[White "Volovich, Julia"]
[Black "Bialiauski, Artsiom"]
[Result "0-1"]
[WhiteElo "1674"]
[BlackElo "2077"]
[PlyCount "70"]
[EventDate "2021.04.02"]
[EventType "swiss (blitz)"]
[EventRounds "11"]
[EventCountry "RUS"]
[SourceTitle "CBM 201 Extra"]
[Source "ChessBase"]
[SourceDate "2021.05.31"]
[SourceVersion "1"]
[SourceVersionDate "2021.05.31"]
[SourceQuality "1"]

1. d4 Nf6 2. c4 e6 3. Nc3 Bb4 4. Bg5 h6 5. Bh4 b6 6. Qc2 Bb7 7. f3 c5 8. a3 Ba5 9. e3 Nc6 10. Nge2 d5 11. cxd5 exd5 12. Kf2 0-0 13. Bxf6 Qxf6 14. Nxd5 Qd6 15. Qc4 Nxd4 16. exd4 Bxd5 17. dxc5 bxc5 18. Qc2 Bb6 19. g3 c4+ 20. Kg2 Rfe8 21. Qf5 Rad8 22. Nc3 Be6 23. Qc2 Qd2+ 24. Qxd2 Rxd2+ 25. Be2 Bf5 26. Rhe1 Ba5 27. b4 cxb3 28. Ne4 b2 29. Rab1 Rxe4 30. fxe4 Bxe4+ 31. Kf2 Bb6+ 32. Kf1 Bxb1 33. Rxb1 Rc2 34. Bd3 Rxh2 35. Be2 Rh1+ 0-1

[Event "BLR-ch U18"]
[Site "Minsk"]
[Date "2021.02.12"]
[Round "9"]
[White "Tsaruk, Maksim"]
[Black "Bialiauski, Artsiom"]
[Result "1-0"]
[WhiteElo "2298"]
[BlackElo "2061"]
[PlyCount "99"]
[EventDate "2021.02.04"]
[EventType "swiss"]
[EventRounds "9"]
[EventCountry "BLR"]
[SourceTitle "EXT 2022"]
[Source "ChessBase"]
[SourceDate "2021.10.06"]
[SourceVersion "1"]
[SourceVersionDate "2021.10.06"]
[SourceQuality "1"]

1. e4 e5 2. Nf3 Nc6 3. Bb5 a6 4. Ba4 Nf6 5. 0-0 Be7 6. Re1 b5 7. Bb3 d6 8. c3 0-0 9. h3 Na5 10. Bc2 c5 11. d4 Qc7 12. d5 Bd7 13. b3 c4 14. b4 Nb7 15. a4 bxa4 16. Na3 a5 17. Nd2 axb4 18. cxb4 c3 19. Ndc4 Rfb8 20. Re3 Nd8 21. Rb1 Rb7 22. Qe1 Qb8 23. Qxc3 Nh5 24. Qe1 Bg5 25. Na5 Bxe3 26. Bxe3 Rc7 27. b5 Qc8 28. Bxa4 Nb7 29. Bb6 Nxa5 30. Bxa5 Rb7 31. Rc1 Qe8 32. Rc6 Qe7 33. Nc4 Nf4 34. Kh2 h6 35. Qd2 Qg5 36. g3 Bxh3 37. Bd1 Bf1 38. Nxd6 Rba7 39. b6 Rxa5 40. b7 Ra2 41. Rc2 Qd8 42. Rxa2 Rb8 43. Ra8 Qxd6 44. Qa5 Qd7 45. Rxb8+ Kh7 46. g4 Qe7 47. Rh8+ Kxh8 48. b8Q+ Kh7 49. Qbd8 Qb7 50. Qab6 1-0

[Event "BLR-ch U18"]
[Site "Minsk"]
[Date "2021.02.11"]
[Round "8"]
[White "Bialiauski, Artsiom"]
[Black "Klachkou, Platon"]
[Result "1-0"]
[WhiteElo "2061"]
[BlackElo "1725"]
[PlyCount "131"]
[EventDate "2021.02.04"]
[EventType "swiss"]
[EventRounds "9"]
[EventCountry "BLR"]
[SourceTitle "EXT 2022"]
[Source "ChessBase"]
[SourceDate "2021.10.06"]
[SourceVersion "1"]
[SourceVersionDate "2021.10.06"]
[SourceQuality "1"]

1. d4 d5 2. Bf4 Nf6 3. Nf3 e6 4. e3 Bd6 5. Bg3 0-0 6. Bd3 c5 7. c3 Nc6 8. Nbd2 b6 9. Ne5 Bb7 10. 0-0 Qc7 11. f4 Ne7 12. Qb1 Ng6 13. Bf2 Rac8 14. h3 cxd4 15. cxd4 Bb4 16. Ndf3 Ne4 17. a3 Bd6 18. Qa2 Qe7 19. g4 f6 20. Nxg6 hxg6 21. Kg2 g5 22. fxg5 fxg5 23. Be1 Rf7 24. Qb3 Rcf8 25. Qd1 e5 26. dxe5 Bxe5 27. Bxe4 dxe4 28. Nxe5 Rxf1 29. Ng6 Qf7 30. Nxf8 Ba6 31. Ne6 Qf3+ 32. Qxf3 exf3+ 33. Kg3 f2 34. Bxf2 Rxa1 35. e4 Rd1 36. Be3 Re1 37. Kf3 Rb1 38. Bd4 Rf1+ 39. Kg3 Rd1 40. Bc3 Bf1 41. Nxg5 Rd3+ 42. Kh4 Kf8 43. e5 a5 44. e6 g6 45. Bf6 Re3 46. Bd4 Rb3 47. Bf6 Re3 48. Bd8 Rb3 49. e7+ Ke8 50. Ne4 Rxh3+ 51. Kg5 Re3 52. Nf6+ Kf7 53. e8Q+ Rxe8 54. Nxe8 Kxe8 55. Bxb6 a4 56. Kxg6 Kf8 57. Kf6 Bc4 58. g5 Bb3 59. g6 Kg8 60. g7 Bd1 61. Bd4 Bb3 62. Bc3 Kh7 63. Ke7 Kg8 64. Bd4 Bd5 65. b4 axb3 66. a4 1-0

[Event "BLR-ch U18"]
[Site "Minsk"]
[Date "2021.02.09"]
[Round "6"]
[White "Spizharny, Mikhail"]
[Black "Bialiauski, Artsiom"]
[Result "1-0"]
[WhiteElo "2122"]
[BlackElo "2061"]
[PlyCount "94"]
[EventDate "2021.02.04"]
[EventType "swiss"]
[EventRounds "9"]
[EventCountry "BLR"]
[SourceTitle "EXT 2022"]
[Source "ChessBase"]
[SourceDate "2021.10.06"]
[SourceVersion "1"]
[SourceVersionDate "2021.10.06"]
[SourceQuality "1"]

1. e4 e5 2. Nc3 Bc5 3. g3 Ne7 4. Bg2 0-0 5. Nf3 d6 6. Na4 Bd4 7. c3 Bxf2+ 8. Kxf2 b5 9. Re1 bxa4 10. d4 exd4 11. cxd4 d5 12. e5 Nd7 13. Qxa4 c5 14. Kg1 Nb6 15. Qa3 cxd4 16. Bg5 Re8 17. Qd6 Bb7 18. Nxd4 h6 19. Bxh6 Ng6 20. Qxd8 Raxd8 21. Bg5 Rc8 22. Nf5 Rc7 23. Bf4 Nxf4 24. gxf4 Rc2 25. b3 Ba8 26. Rec1 Rxc1+ 27. Rxc1 g6 28. Nd6 Re7 29. Nc8 Re8 30. Nxa7 d4 31. Nc6 d3 32. Rd1 Bxc6 33. Bxc6 Rc8 34. Be4 Kg7 35. a4 g5 36. fxg5 Nd7 37. Bf5 Rc7 38. Bxd7 Rxd7 39. Kf2 d2 40. Ke2 Rb7 41. Rb1 Rd7 42. b4 Rd4 43. Kd1 Kg6 44. a5 Kf5 45. a6 Ke4 46. a7 Rd8 47. b5 Kd5 1-0

[Event "Online Friendship U12"]
[Site "Tornelo INT"]
[Date "2020.11.21"]
[Round "2.1"]
[White "Bialiauski, Artsiom"]
[Black "Lippa, Evgeniy"]
[Result "1-0"]
[WhiteElo "1860"]
[BlackElo "1243"]
[PlyCount "115"]
[EventDate "2020.11.21"]
[EventType "team-swiss"]
[EventRounds "7"]
[EventCountry "BLR"]
[SourceTitle "CBM 199 Extra"]
[Source "ChessBase"]
[SourceDate "2021.01.31"]
[SourceVersion "1"]
[SourceVersionDate "2021.01.31"]
[SourceQuality "1"]
[WhiteTeam "Belarus Minsk"]
[BlackTeam "Belarus FIDE Academy"]
[WhiteTeamCountry "BLR"]
[BlackTeamCountry "BLR"]

1. d4 d5 2. Bf4 Nf6 3. e3 e6 4. c4 Be7 5. Nc3 0-0 6. Nf3 Nbd7 7. Ne5 Nxe5 8. dxe5 Ne4 9. Nxe4 dxe4 10. a3 b6 11. Qc2 Bb7 12. Be2 h6 13. 0-0 g5 14. Bg3 f5 15. exf6 Bxf6 16. Rad1 Qe7 17. Qa4 Rf7 18. Rd2 e5 19. Bg4 c6 20. Rfd1 Bc8 21. Qxc6 Bxg4 22. Qxa8+ Rf8 23. Qxe4 Bxd1 24. Rxd1 Qg7 25. b4 h5 26. h3 g4 27. hxg4 hxg4 28. Qf5 Re8 29. Rd7 Re7 30. Rxe7 Qxe7 31. Qxg4+ Qg7 32. Qxg7+ Kxg7 33. c5 bxc5 34. bxc5 Be7 35. Bxe5+ Kf7 36. Bd4 Bd8 37. e4 Ke6 38. f4 Kd7 39. Kf2 Ke7 40. g3 Kf7 41. g4 Kg6 42. e5 Kf7 43. f5 Ke8 44. Kf3 Kf7 45. Kf4 Ke7 46. g5 Kf7 47. g6+ Kg8 48. e6 Bc7+ 49. Be5 Bxe5+ 50. Kxe5 Kf8 51. f6 Kg8 52. g7 Kh7 53. Kf5 Kg8 54. e7 Kf7 55. g8Q+ Kxg8 56. e8Q+ Kh7 57. Qg6+ Kh8 58. Qg7# 1-0

[Event "Online Friendship U12"]
[Site "Tornelo INT"]
[Date "2020.11.21"]
[Round "6.1"]
[White "Bialiauski, Artsiom"]
[Black "Samunenkov, Igor"]
[Result "1/2-1/2"]
[WhiteElo "1860"]
[BlackElo "2122"]
[PlyCount "79"]
[EventDate "2020.11.21"]
[EventType "team-swiss"]
[EventRounds "7"]
[EventCountry "BLR"]
[SourceTitle "CBM 199 Extra"]
[Source "ChessBase"]
[SourceDate "2021.01.31"]
[SourceVersion "1"]
[SourceVersionDate "2021.01.31"]
[SourceQuality "1"]
[WhiteTeam "Belarus Minsk"]
[BlackTeam "Ukraine"]
[WhiteTeamCountry "BLR"]
[BlackTeamCountry "UKR"]

1. d4 Nf6 2. Nf3 e6 3. Bf4 d5 4. e3 Bd6 5. Bg3 0-0 6. Nbd2 c5 7. c3 Qc7 8. Bd3 Nbd7 9. Qe2 e5 10. dxe5 Nxe5 11. Nxe5 Bxe5 12. Bxe5 Qxe5 13. 0-0 b6 14. f4 Qe7 15. e4 dxe4 16. Nxe4 Bb7 17. Rfe1 Rad8 18. Rad1 Kh8 19. Nxf6 Qxf6 20. Qe7 Bd5 21. Qxf6 gxf6 22. c4 Be6 23. b3 Kg7 24. Kf2 Rd4 25. g3 Bg4 26. Be2 Rxd1 27. Bxd1 Be6 28. Bf3 f5 29. Rd1 Kf6 30. Rd2 Rb8 31. Bc6 Ke7 32. Bb5 h5 33. h4 Rc8 34. Ba6 Rc7 35. Ke3 f6 36. Kf2 Kf7 37. Rd6 Ke7 38. Rd2 Bf7 39. Bb5 Be6 40. Ba6 1/2-1/2